1897 1377 1285 1704 1476 1734 1049 1662 1291 1711 1987 1882 1828 1357 1588 1943 1672 1151 1892 1443 1288 1242 1260 1239 1095 1255 1122 1786 1733 1257 1277 1805 1520 1906 1813 1778 1526 1437 1926 1336 1627 1103 1729 1699 1030 1783 1156 1256 1544 1087 1511 1456 1886 1823 1570 1833 1751 1946 1825 1943 1600 1163 1312 1432 1582 1211 1384 1129 1561 1082 1111 1327 1851 1342 1917 1530 1009 1273 1113 1177 1224 1788 1056 1880 1869 1749 1877 1843 1347 1402 1469 1780 1626 1800 1759 1434 1366 1592 1138 BCNSPRNW ULIB Ver.6.0+V

เปลี่ยนเป็นภาษาไทย

Change to English
 แสดงรายละเอียดบรรณานุกรม
  กลับหน้าหลัก

Brief Record : Get Marc (ISO 2709) : E-mail record : QR code < ปิดหน้าต่าง
LEADER : 00000nam 2200000uu 4500
001    13399128250
003     ULIB
008    220822s2557||||th 000 0 tha d
020    ^a9786162997044 (ล.6)
050  0 ^aนว^bก947ล^cล.6
100 0  ^aโก้วเล้ง
245 10 ^aลูกปลาน้อยเซียวฮื้อยี้ เล่ม 6. /^cโก้วเล้ง, เขียน ; น.นพรัตน์, แปล
246 30 ^aเซียวฮื้อยี้
250    ^aพิมพ์ครั้งที่ 1
260    ^aกรุงเทพฯ :^bสยามอินเตอร์บุ๊ค,^c2557
300    ^a6 เล่ม ;^c21 ซม.
650  4 ^aนวนิยายจีนกำลังภายใน
650  4 ^aนวนิยายจีน^xการแปลเป็นภาษาไทย
653    ^aOpen Your Eyes Project
700 0  ^aน.นพรัตน์,^eผู้แปล
945    ^p260^l0^i009355
999    ^aประนอม เกษจรัล
รายการนี้ยังไม่มีแท็ก
คุณยังไม่ได้ล็อกอิน คุณสามารถมีกิจกรรมร่วมกับเว็บไซต์ได้ แต่ต้องล็อกอินก่อน ::
  ล็อกอิน

รายการสื่อสารสนเทศ

ลำดับที่ ประเภท เลขเรียก/บาร์โค้ด สถานที่ สถานะ
1. นวนิยาย
นวนิยาย
นว ก947ล ล.6 ฉ.1 
  Barcode: 009355
ห้องสมุดวิทยาเขตสวรรค์ประชารักษ์
►หนังสือทั่วไป
บนชั้น

รายการใกล้เคียง
    ผู้แต่ง [โก้วเล้ง]

    หัวเรื่อง [นวนิยายจีนกำลังภายใน]

BibComment


ยังไม่เคยถูกคอมเมนท์

คอมเมนท์ทรัพยากรรายการนี้
  คอมเมนท์: ลูกปลาน้อยเซียวฮ..


 Copyright 2026. Bcnsprnw @Library